000 01008nam0a22002651 4500
001 rc\3510896
005 20130115142535.5
021 _aRU
_b[73-47343]
035 _a(NLR Aleph) 007657267
090 _a6293228
_c6293228
100 _a20130115d1973 |||y0rusy50 ca
101 0 _arus
102 _aRU
105 _aa z |||||
200 1 _aСборник номограмм из равноудаленных точек для гидравлического расчета газопроводов
_fАН СССР. Вычислит. центр
210 _aМосква
_cБ. и.
_d1973
215 _a17 с.
_cчерт.
_d21
320 _aСписок лит. в конце текста (9 назв.)
606 _aГазопроводы
_xГидравлический расчет
_xНомограммы
_2psbo
700 1 _aБорисов
_bС. Н.
_gСтанислав Николаевич
801 0 _aRU
_bNLR
_gpsbo
801 1 _aRU
_bELAR
_2rusmarc
852 _aNLR
_j73-7/647
942 _cBOOK
980 _aNB